000 00698nam a22002057a 4500
003 OSt
005 20260311054630.0
008 260114b |||||||| |||| 00| 0 eng d
020 _a978-981-4227-53-7.
040 _aDWCL-Main lib
_cOC
082 _2edition 8
_aCirc. 519.521 P131u 2007
100 _aPagano, Robert R.
245 _aUnderstanding statistics in the behavioral sciences
_cPagano, Robert R.
260 _aSingapore :
_bThomson Learning Asia,
_cc2007.
300 _axxvi, 568 pages :
_billustration ;
_c24 cm.
504 _aIncludes index
650 _21. Psychology-Statistical methods-Textbooks.
650 _22. Psychometrics-Textbooks.
942 _2ddc
_cBK-CIRC
_eedition 8
_kCirc.
_n0
999 _c7374
_d7374